South Africa customs & excise tariff 2009 : Volume 1 (Chapter 1 to Chapter 42).
| Format: | Book |
|---|---|
| Published: |
[S.l]:
[s.n],
2009.
|
| Subjects: |
| LEADER | 00424cam a2200133 7i4500 | ||
|---|---|---|---|
| 001 | 0000022895 | ||
| 005 | 20090612090000.0 | ||
| 090 | 0 | 0 | |a T 382.7 |b SOU (S. AF) |
| 245 | 0 | 0 | |a South Africa customs & excise tariff 2009 : |b Volume 1 (Chapter 1 to Chapter 42). |
| 260 | 0 | 0 | |a [S.l]: |b [s.n], |c 2009. |
| 300 | # | # | |a [v.p]. |
| 650 | 0 | 0 | |a Tariff -- |z South Africa |
| 651 | 0 | 0 | |a South Africa |
| 999 | |a 0000024557 |b Book |c Tariffs |e MATRADE Eastern Regional Office | ||